Les 10 plus grands ports de marchandises de France - Statistiques

Statistiques générales
  • Ce quiz a été pris 242 fois
    241 depuis la dernière actualisation
  • Le résultat moyen est 6 sur 10
Statistiques - réponses
Trafic annuel de marchandises (en tonne) Ports % Correct
96,5 millions Marseille
100%
75 millions Le Havre
96%
60,4 millions Dunkerque
83%
8,7 millions Bordeaux
81%
38,3 millions Calais
72%
8,5 millions La Rochelle
68%
34,5 millions Saint-Nazaire
61%
22 millions Rouen
49%
3,9 millions Bayonne
22%
3,77 millions La Pointe-des-Galets
0%
Aucun quiz correspondant
Distribution des résultats
% des personnes avec chaque résultat
Percentile par nombre de réponses
Votre historique - résultats
Vous n’avez pas pris ce quiz depuis la dernière actualisation